Normal Type Pokemon Moves - Statistics

General Stats
  • This quiz has been taken 68 times
  • The average score is 84 of 190
Answer Stats
Hint Answer % Correct
T Tackle
100%
T Tail Whip
89%
Q Quick Attack
86%
H Hyper Beam
81%
L Leer
81%
S Scratch
81%
B Body Slam
78%
C Cut
78%
G Giga Impact
78%
P Pound
78%
P Protect
78%
G Growl
76%
S Slash
76%
T Take Down
76%
D Double Slap
73%
H Harden
73%
H Horn Attack
73%
H Howl
73%
M Mega Punch
73%
S Slam
73%
M Mega Kick
70%
R Roar
70%
S Sing
70%
H Headbutt
68%
S Swords Dance
68%
B Bind
65%
D Double-Edge
65%
G Glare
65%
H Hyper Voice
65%
P Pay Day
65%
S Snore
65%
S Strength
65%
S Supersonic
65%
W Wrap
65%
A Attract
62%
F Fury Swipes
62%
H Hyper Fang
62%
J Judgement
62%
S Sleep Talk
62%
S Splash
62%
T Tail Slap
62%
B Bide
59%
B Boomburst
59%
C Crush Claw
59%
D Double Hit
59%
E Extreme Speed
59%
F Flail
59%
F Fury Attack
59%
H Hidden Power
59%
R Recover
59%
S Swift
59%
T Transform
59%
E Explosion
57%
S Sonic Boom
57%
S Super Fang
57%
T Tri Attack
57%
U Uproar
57%
D Defense Curl
54%
E Endure
54%
S Secret Power
54%
S Self-Destruct
54%
S Stomp
54%
S Swallow
54%
T Thrash
54%
Y Yawn
54%
B Breakneck Blitz
51%
D Double Team
51%
F Frustration
51%
H Helping Hand
51%
M Mimic
51%
R Razor Wind
51%
S Sketch
51%
W Whirlwind
51%
A Assist
49%
F False Swipe
49%
F Flash
49%
R Return
49%
R Rock Climb
49%
S Screech
49%
S Skull Bash
49%
S Stockpile
49%
W Weather Ball
49%
B Block
46%
C Crush Grip
46%
F Fake Out
46%
G Guillotine
46%
H Horn Drill
46%
M Milk Drink
46%
R Rage
46%
R Rapid Spin
46%
S Scary Face
46%
S Spit Up
46%
S Substitute
46%
C Constrict
43%
C Conversion
43%
C Conversion 2
43%
G Growth
43%
M Max Strike
43%
M Mean Look
43%
M Me First
43%
M Minimize
43%
O Odor Sleuth
43%
P Perish Song
43%
S Safeguard
43%
S Swagger
43%
C Comet Punch
41%
C Copycat
41%
E Encore
41%
L Lovely Kiss
41%
R Round
41%
W Wish
41%
H Hold Hands
38%
L Last Resort
38%
L Lock-On
38%
S Slack Off
38%
T Teeter Dance
38%
W Work Up
38%
A After You
35%
C Camouflage
35%
C Celebrate
35%
D Dizzy Punch
35%
F Facade
35%
F Feint
35%
F Follow Me
35%
H Head Charge
35%
R Relic Song
35%
R Retaliate
35%
S Sharpen
35%
S Struggle
35%
T Tickle
35%
B Barrage
32%
E Echoed Voice
32%
E Egg Bomb
32%
H Happy Hour
32%
H Heal Bell
32%
M Morning Sun
32%
M Multi-Attack
32%
P Present
32%
P Pulverizing Pancake
32%
R Recycle
32%
S Shell Smash
32%
V Vise Grip
32%
A Acupressure
30%
F Focus Energy
30%
F Foresight
30%
M Max Guard
30%
S Soft-Boiled
30%
W Wring Out
30%
B Baton Pass
27%
B Belly Drum
27%
C Captivate
27%
D Disable
27%
E Endeavor
27%
E Extreme Evoboost
27%
S Simple Beam
27%
S Smokescreen
27%
S Sweet Scent
27%
T Trump Card
27%
C Covet
24%
N Noble Roar
24%
R Refresh
24%
R Revelation Dance
24%
S Spike Cannon
24%
G G-Max Replenish
22%
H Hold Back
22%
M Mind Reader
22%
P Psych Up
22%
S Smelling Salts
22%
L Lucky Chant
19%
T Techno Blast
19%
C Confide
16%
B Bestow
14%
G G-Max Cuddle
14%
G G-Max Gold Rush
14%
P Pain Split
14%
P Play Nice
14%
R Reflect Type
14%
V Veevee Volley
14%
C Chip Away
11%
L Laser Focus
11%
S Spotlight
11%
S Stuff Cheeks
11%
T Tearful Look
11%
T Teatime
11%
T Terrain Pulse
11%
C Court Change
5%
M Metrenome
5%
N Natural Power
5%
E Entertainment
3%
N Nature Gift
0%
No matching quizzes found
Score Distribution
Percent of People with Each Score
Percentile by Number Answered
Your Score History
You have not taken this quiz